Международные экономические, валютные и финансовые отношения: пер. с фр.

Dettagli Bibliografici
Autore principale: Пебро М. Мишель
Altri autori: Бабинцева Н. С.
Lingua:russo
Pubblicazione: Москва, Прогресс-Универс, 1994
Soggetti:
Natura: MixedMaterials Libro
KOHA link:https://koha.lib.tpu.ru/cgi-bin/koha/opac-detail.pl?biblionumber=18183

MARC

LEADER 00000nam0a2200000 4500
001 18183
005 20231030191211.0
010 |a 5010044609 
035 |a (RuTPU)RU\TPU\book\18332 
035 |a BOOK00003020 
090 |a 18183 
100 |a 20011209d1994 m y0rusy50 ca 
101 1 |a rus  |c fre 
102 |a RU 
105 |a a j 000zy 
200 1 |a Международные экономические, валютные и финансовые отношения  |e пер. с фр.  |f М. Пебро, Н. С. Бабинцева 
210 |a Москва  |c Прогресс-Универс  |d 1994 
215 |a 493 с.  |c ил. 
610 1 |a экономика 
610 1 |a международные экономические отношения 
610 1 |a валюты 
610 1 |a финансы 
610 1 |a Франция 
610 1 |a учебные пособия 
686 |a У58  |v LBC/SL-A  |2 rubbk 
686 |a У9(4Фр)  |v LBC/SL-A  |2 rubbk 
700 1 |a Пебро  |b М.  |g Мишель 
701 1 |a Бабинцева  |b Н. С. 
801 0 |a RU  |b 63413507  |c 20011209  |g PSBO 
801 2 |a RU  |b 63413507  |c 20120529  |g PSBO 
942 |c BK